Les Pays les Plus Jeunement Indépendants de Chaque Continent - Statistiques

Statistiques générales
  • Ce quiz a été pris 126 fois
  • Le résultat moyen est 3 sur 6
Statistiques - réponses
Continent Pays % Correct
Afrique Soudan du Sud (2011)
91%
Europe Kosovo (2008)
89%
Asie Timor Oriental (2002)
56%
Amérique du Sud Suriname (1975)
39%
Océanie Palaos (1994)
35%
Amérique du Nord Saint-Christophe-et-Niévès (1983)
19%
Aucun quiz correspondant
Distribution des résultats
% des personnes avec chaque résultat
Percentile par nombre de réponses
Votre historique - résultats
Vous n’avez pas pris ce quiz